Pension reform in the Baltics, Russia, and other countries of the former Soviet union (BRO)

Saved in:
Bibliographic Details
Main Author: Castello-Branco, Marta
Format: Book
Language:English
Published: Washington International Monetary Fund 1998
Series:IMF Working Paper WP/98/11
Subjects:
Tags: Add Tag
No Tags, Be the first to tag this record!

MARC

LEADER 00000nam a2200000 4500
001 c100858
005 20221221083149.0
041 0 |a eng 
044 |a US 
245 1 0 |a Pension reform in the Baltics, Russia, and other countries of the former Soviet union (BRO)  |c Marta Castello de Branco 
264 1 |a Washington  |b International Monetary Fund  |c 1998 
300 |a 40 s. 
490 1 |a IMF Working Paper  |v WP/98/11 
830 0 |a IMF Working Paper  |v WP/98/11 
610 2 0 |a zabezpečenie dôchodkové 
610 2 0 |a penzie 
610 2 0 |a transformácia 
610 2 0 |a SVE 
610 2 0 |a Rusko 
610 2 0 |a Spoločenstvo nezávislých štátov 
610 2 0 |a demografia ekonomická 
610 2 0 |a ochrana sociálna 
100 1 |a Castello-Branco, Marta